MARC details
| 000 -CABECERA |
| campo de control de longitud fija |
01027cam a2200277 a 4500 |
| 001 - NÚMERO DE CONTROL |
| campo de control |
000006524 |
| 005 - FECHA Y HORA DE LA ÚLTIMA TRANSACCIÓN |
| campo de control |
20200929153939.0 |
| 008 - DATOS DE LONGITUD FIJA--INFORMACIÓN GENERAL |
| campo de control de longitud fija |
970402s1995 sp b 001 0bspa d |
| 020 ## - NÚMERO INTERNACIONAL ESTÁNDAR DEL LIBRO |
| Número Internacional Estándar del Libro |
8445314637 |
| 035 ## - NÚMERO DE CONTROL DEL SISTEMA |
| Número de control de sistema |
(DLC) 97135621 |
| 035 ## - NÚMERO DE CONTROL DEL SISTEMA |
| Número de control de sistema |
(SpBaP)pu960013097 |
| 035 ## - NÚMERO DE CONTROL DEL SISTEMA |
| Número de control de sistema |
(CStRLIN)XPUV9613097-B |
| 040 ## - FUENTE DE LA CATALOGACIÓN |
| Centro catalogador/agencia de origen |
DO-SdBNP |
| Centro/agencia transcriptor |
DLC |
| Centro/agencia modificador |
BNPHU |
| 082 ## - NÚMERO DE LA CLASIFICACIÓN DECIMAL DEWEY |
| Número de clasificación |
928.946 |
| Número de documento/Ítem |
G643d |
| 049 ## - FONDOS LOCALES (OCLC) |
| Fondos de biblioteca |
BNGR |
| 100 1# - ENTRADA PRINCIPAL--NOMBRE DE PERSONA |
| Nombre de persona |
González-Arnao Conde-Luque, Mariano. |
| 9 (RLIN) |
18106 |
| 245 10 - MENCIÓN DE TÍTULO |
| Título |
Derrota y muerte de Sir Francis Drake, a Coruña 1589-Portobelo 1596 / |
| Mención de responsabilidad, etc. |
Mariano González-Arnao Conde-Luque. |
| 260 ## - PUBLICACIÓN, DISTRIBUCIÓN, ETC. |
| Lugar de publicación, distribución, etc. |
[Coruña, (España)] : |
| Nombre del editor, distribuidor, etc. |
Xunta de Galicia :, |
| Fecha de publicación, distribución, etc. |
[1995]. |
| 300 ## - DESCRIPCIÓN FÍSICA |
| Extensión |
342 p. ; |
| Dimensiones |
23 cm. |
| 504 ## - NOTA DE BIBLIOGRAFÍA, ETC. |
| Nota de bibliografía, etc. |
Bibliografía: (p. 329-332). |
| 504 ## - NOTA DE BIBLIOGRAFÍA, ETC. |
| Nota de bibliografía, etc. |
Inlcuye referencias bibliográficas y notas al pie de las páginas. |
| 600 14 - PUNTO DE ACCESO ADICIONAL DE MATERIA--NOMBRE DE PERSONA |
| Nombre de persona |
DRAKE, FRANCIS, |
| Títulos y otros términos asociados al nombre |
SIR, |
| Fechas asociadas al nombre |
1540?-1596 |
| Subdivisión geográfica |
ESPAÑA |
| 9 (RLIN) |
18107 |
| 600 14 - PUNTO DE ACCESO ADICIONAL DE MATERIA--NOMBRE DE PERSONA |
| Nombre de persona |
DRAKE, FRANCIS, |
| Títulos y otros términos asociados al nombre |
SIR, |
| Fechas asociadas al nombre |
1540?-1596 |
| Subdivisión general |
VIAJES |
| Subdivisión geográfica |
PANAMÁ |
| 9 (RLIN) |
18108 |
| 651 #4 - PUNTO DE ACCESO ADICIONAL DE MATERIA--NOMBRE GEOGRÁFICO |
| Nombre geográfico |
Gran Bretaña |
| Subdivisión general |
Historia |
| 9 (RLIN) |
18109 |
| 910 ## - DATOS DE OPCIÓN DEL USUARIO (OCLC) |
| Datos de opción del usuario |
Catalogación por copia / LC |